000 00606nam a2200229Ia 4500
003 OSt
005 20220928150144.0
006 a|||||r|||| 00| 0
007 ta
008 220927b |||||||| |||| 00| 0 eng d
024 _a88692
037 _cTextual
040 _aSDCL
_cSDCL
_beng
041 _2eng
_aeng
082 _aO152,3N21,1, K9;2
100 _aRenu Phanishwarnath
_9391824
245 0 _aMaila anchal.
260 _c1969
650 _aRenu Phanishwarnath-Hindi Fiction
_9515570
942 _hO152,3N21,1, K9;2
_cTEXL
_2CC
999 _c840490
_d840490